logo

Bir Sreshtho Munshi Abdur Rouf Library
Jhenaidah Cadet College

বাংলাদেশের কবিতা লোকসংস্কৃতির নন্দনতত্ত্ব / (Record no. 13708)

MARC details
000 -LEADER
fixed length control field 00716nam a2200229 a 4500
001 - CONTROL NUMBER
JCCL Control Number 13708
003 - CONTROL NUMBER IDENTIFIER
JCCL marc code BD-JhCC
005 - DATE AND TIME OF LATEST TRANSACTION
control field 20240318094413.0
008 - FIXED-LENGTH DATA ELEMENTS--GENERAL INFORMATION
fixed length control field 240318b 2007b |||| ||a| 001 0 be d
020 ## - INTERNATIONAL STANDARD BOOK NUMBER
International Standard Book Number 9840745581
035 ## - SYSTEM CONTROL NUMBER
system control number (BD-JhCC)13708
040 ## - CATALOGING SOURCE
Original cataloging agency BD-JhCC
Modifying agency BD-JhCC
041 ## - LANGUAGE CODE
Language code of Book ben
082 ## - DEWEY DECIMAL CLASSIFICATION NUMBER
Classification number 891.4409
Author mark and Year HOS 2007
100 ## - MAIN ENTRY--PERSONAL NAME
Personal name হোসেন, অনু
245 ## - TITLE STATEMENT
Title বাংলাদেশের কবিতা লোকসংস্কৃতির নন্দনতত্ত্ব /
Remainder of title অনু হোসেন
260 ## - PUBLICATION, DISTRIBUTION, ETC. (IMPRINT)
Place of publication, distribution, etc ঢাকা:
Name of publisher, distributor, etc বাংলা একাডেমী;
Date of publication, distribution, etc 2007.
300 ## - PHYSICAL DESCRIPTION
Pagination 379 p. :
Dimensions 22 cm.
650 ## - SUBJECT ADDED ENTRY--TOPICAL TERM
Topical term or geographic name as entry element Bengali Literature
942 ## - ADDED ENTRY ELEMENTS (KOHA)
Source of classification or shelving scheme Dewey Decimal Classification
Koha item type Books
Holdings
Source of classification or shelving scheme Damaged status Not for loan Home library Current library Shelving location Date of accession Cost, normal purchase price Total Checkouts Full call number Barcode Date last seen Copy number Method of acquisition Koha item type Currency
Dewey Decimal Classification     JCC Rouf Library JCC Rouf Library General Stacks   280.00   891.4409 HOS 2007 19003 03/18/2024 C-1 Purchase Books BDT
Dewey Decimal Classification     JCC Rouf Library JCC Rouf Library General Stacks   280.00   891.4409 HOS 2007 19004 03/18/2024 C-2 Purchase Books BDT

JCC Library | Contacts | JCC Home

Last Update on 23 September 2017
Copyright @ 2017-2020 JCC Rouf Library
Rouf Library, Jhenidah Cadet College (JCC), Bangladesh